एक यात्रा शब्दों और रंगों से आगे / (Record no. 11928)

MARC details
000 -LEADER
fixed length control field 01166 a2200241 4500
005 - DATE AND TIME OF LATEST TRANSACTION
control field 2008082702012.0
008 - FIXED-LENGTH DATA ELEMENTS--GENERAL INFORMATION
fixed length control field 080827t xxu||||| |||| 00| 0 hin d
010 ## - LIBRARY OF CONGRESS CONTROL NUMBER
LC control number HIN-83227
020 ## - INTERNATIONAL STANDARD BOOK NUMBER
International Standard Book Number 9788183611480
Terms of availability 175.00
035 ## - SYSTEM CONTROL NUMBER
System control number HN-55573
037 ## - SOURCE OF ACQUISITION
Source of stock number/acquisition पु.प्र.अ.प्र/प्रका
082 ## - DEWEY DECIMAL CLASSIFICATION NUMBER
Classification number 821
100 ## - MAIN ENTRY--PERSONAL NAME
Personal name तरूण कानूनगो
245 ## - TITLE STATEMENT
Title एक यात्रा शब्दों और रंगों से आगे /
Statement of responsibility, etc तरूण कानूनगो
246 ## - VARYING FORM OF TITLE
Title proper/short title Ek yatra: Shabdon aur Rangon se aage
Remainder of title by Tarun Kanoongo
260 ## - PUBLICATION, DISTRIBUTION, ETC. (IMPRINT)
Place of publication, distribution, etc नई दिल्ली
Name of publisher, distributor, etc राधाकृष्ण प्रकाशन
Date of publication, distribution, etc 2007
270 ## - ADDRESS
Address 7/31, अंसारी रोड, दरियागंज
City नई दिल्ली
Postal code 110002
300 ## - PHYSICAL DESCRIPTION
Extent 163पृ
Dimensions 22 सेमी (सजिल्द)
650 ## - SUBJECT ADDED ENTRY--TOPICAL TERM
Topical term or geographic name as entry element हिन्दी कविताएँ
650 ## - SUBJECT ADDED ENTRY--TOPICAL TERM
Topical term or geographic name as entry element Hindi Poems
942 ## - ADDED ENTRY ELEMENTS (KOHA)
Koha item type Hindi Books
Call number prefix 821 / तरूण
Institution code [OBSOLETE] dpl
Source of classification or shelving scheme Dewey Decimal Classification
Classification part 821
Call number suffix तरूण
Holdings
Withdrawn status Lost status Damaged status Not for loan Home library Current library Date acquired Cost, normal purchase price Total Checkouts Full call number Barcode Date last seen Copy number Uniform Resource Identifier Cost, replacement price Price effective from Koha item type
        D.B.Act.Division D.B.Act.Division   175.00   821 तरूण HN-55573 15/09/2008 1 13046 175.00 15/09/2008 Hindi Books

© Delhi Public Library
Hit Counter
free hit counter